000 00408nam a2200157Ia 4500
008 230711s9999||||xx |||||||||||||| ||und||
041 _aENG
082 _a624.171
_bPA-S
100 _aPandit,G.S
245 0 _aStructural analysis matrix approach
250 _a1st . Ed.
260 _c2002
_aNew Delhi
_bTata McGraw Hill Education Limited
650 _aCivil Engineering
700 _aGupta,S.P
942 _cBK
999 _c4263
_d4263